000 00653nam a2200241Ia 4500
001 43345
005 20240114003544.0
007 ta
008 080923s2007 g b000 u 903 u
040 _aCotton College,Assam
041 _a903
082 _a332.317
_bRe 311 Ma
110 _aRBI .
245 0 _aReserve Bank of India Bulletin- October 2007 /
_cR B I.
_hTextual Documents
250 _aIst ed /
260 _aIndia :
_bReserve Bank of India ,
_c2007.
300 _a356p ;
_c27cm.
653 _aRBI- Financial and Banking statistics
653 _aRef-Report
942 _2ddc
_cBK
999 _c43311
_d43311